Encarta thesaurus / (Record no. 997)
[ view plain ]
| 000 -LEADER | |
|---|---|
| fixed length control field | 00576cam a2200193 a 4500 |
| 001 - CONTROL NUMBER | |
| control field | 12514661 |
| 005 - DATE AND TIME OF LATEST TRANSACTION | |
| control field | 20241211054001.0 |
| 008 - FIXED-LENGTH DATA ELEMENTS--GENERAL INFORMATION | |
| fixed length control field | 001221s2001 enk d 000 0 eng |
| 020 ## - INTERNATIONAL STANDARD BOOK NUMBER | |
| International Standard Book Number | 0747539057 |
| 040 ## - CATALOGING SOURCE | |
| Original cataloging agency | BD-DhJNU |
| Language of cataloging | ENG |
| Transcribing agency | BD-DhJNU |
| Modifying agency | BD-DhJNU |
| 082 00 - DEWEY DECIMAL CLASSIFICATION NUMBER | |
| Classification number | 423 ENC |
| Edition number | 23 |
| 245 00 - TITLE STATEMENT | |
| Title | Encarta thesaurus / |
| Statement of responsibility, etc. | edited by Susan Jellis |
| 260 ## - PUBLICATION, DISTRIBUTION, ETC. | |
| Place of publication, distribution, etc. | London : |
| Name of publisher, distributor, etc. | Bloomsbury, |
| Date of publication, distribution, etc. | 2001. |
| 300 ## - PHYSICAL DESCRIPTION | |
| Extent | xiv, 1201 p. ; |
| Dimensions | 25 cm. |
| 500 ## - GENERAL NOTE | |
| General note | "A Bloomsbury reference book"--T.p. verso. |
| 650 #0 - SUBJECT ADDED ENTRY--TOPICAL TERM | |
| Topical term or geographic name entry element | English language |
| General subdivision | Synonyms and antonyms. |
| 700 1# - ADDED ENTRY--PERSONAL NAME | |
| Personal name | Jellis, Susan |
| Relator term | Editor |
| 942 ## - ADDED ENTRY ELEMENTS (KOHA) | |
| Koha item type | Books |
| Withdrawn status | Lost status | Source of classification or shelving scheme | Damaged status | Not for loan | Collection | Home library | Current library | Shelving location | Date acquired | Source of acquisition | Total checkouts | Full call number | Barcode | Date last seen | Price effective from | Koha item type |
|---|---|---|---|---|---|---|---|---|---|---|---|---|---|---|---|---|
| Dewey Decimal Classification | Non-fiction | Jagannath University Central Library | Jagannath University Central Library | General stacks | 12/11/2024 | Purchased | 423 ENC | JNUCL15343 | 12/11/2024 | 12/11/2024 | Books |